Statistics for Controllers of Austria Throughout History

Click here to take the quiz!

General Stats

  • This quiz has been taken 76 times
    (46 since last reset)
  • The average score is 17 of 27

Answer Stats

Time PeriodAnswer% Correct
1945-1955Allied-occupied Austria
97%
1453-1804Archduchy of Austria / Habsburg Empire
97%
1955-Austria
97%
1918-1938Austria
97%
1867-1918Austria-Hungary
97%
1804-1867Austrian Empire
97%
1938-1945Nazi Germany
97%
-168-395Rome
92%
395-476Western Roman Empire
92%
1918-1920Hungary
90%
906-1526Kingdom of Hungary
90%
962-1806Holy Roman Empire
85%
1809-1814Napoleonic France
79%
880-883Italy
67%
877-880Bavaria
62%
555-788Duchy of Bavaria
62%
1805-1814Kingdom of Bavaria
62%
537-843Francia
46%
551-788Byzantine Empire
44%
833-870Great Moravia
26%
493-553Ostrogothic Kingdom
21%
880-962East Francia
18%
843-877East Francia
18%
527-774Lombards
18%
562-805Avar Khaganate
13%
623-658Samo's Empire
10%
877-880Swabia
10%

Score Distribution

Percentile by Number Answered

Percent of People with Each Score

Your Score History

You have not taken this quiz since the last reset